00569nam a2200193 a 4500001001000000003000400010005001700014008004100031020001500072040002500087082001500112100001600127245009300143260002900236300002800265500003200293700002200325700002800347000004615OSt20200929151454.0090724s1984 ko a r 000 0 eng d a0674615751 aDO-SdBNPbspacBNPHU axxxxbxxxx1 aKi-baik Lee10aA new history of Korea /cKi-baik Lee, Eduard W. Wagner ; traducción Edward J. Shultz. aSeul :bIlchokak,c1984. a474 p. :bil. ;c23 cm. aIncluye datos biográficos1 aWagner, Edwuar W.1 aShultz, Edward J.,etr.